世界遺産古都京都の文化財の構成遺産 - Statistics

General Stats
  • This quiz has been taken 116 times
  • The average score is 9 of 17
Answer Stats
市町村 回答 % Correct
京都市東山区 清水寺
98%
京都市北区 鹿苑寺
95%
京都市左京区 慈照寺
94%
宇治市 平等院
78%
大津市 延暦寺
62%
京都市中京区 二条城
61%
京都市右京区 龍安寺
55%
京都市左京区 賀茂御祖神社(下鴨神社)
52%
京都市北区 賀茂別雷神社(上賀茂神社)
51%
京都市右京区 仁和寺
45%
京都市右京区 天龍寺
43%
京都市伏見区 醍醐寺
35%
京都市下京区 本願寺
35%
宇治市 宇治上神社
27%
京都市右京区 高山寺
18%
京都市西京区 西芳寺
16%
京都市南区 教王護国寺
15%
No matching quizzes found
Score Distribution
Percent of People with Each Score
Percentile by Number Answered
Your Score History
You have not taken this quiz